000 00305nam a2200121Ia 4500
008 240731s9999 xx 000 0 und d
022 _a1521-0758
245 0 _aUltrastructural Pathology
260 _bTaylor & Francis
856 _uhttps://www.tandfonline.com/loi/iusp20
942 _2ddc
942 _cTFEJ
999 _c80221
_d80221
945 _a1
_bMadushi Gamage
_c1
_dMadushi Gamage